Technológie a ich význam pre rast konkurenčnej výkonnosti ekonomiky SR
Prekonávanie technologickej a inovačnej medzery Slovenska je východiskom rastu jeho konkurenčnej výkonnosti. Problém difúzie technológií v SR si vyžaduje komplexný prístup, ktorý bude riešiť inštutucionálnu aj programovú stránku. Je potrebné čím skôr prikročiť k procesu technologického dobiehania.
Na minha lista:
| Autor principal: | |
|---|---|
| Formato: | Capítulo de Livro |
| Idioma: | eslovaco |
| Assuntos: | |
| Tags: |
Sem tags, seja o primeiro a adicionar uma tag!
|
MARC
| LEADER | 00000naa$a2200000$$$4500 | ||
|---|---|---|---|
| 001 | 0063671 | ||
| 005 | 20221207084108.1 | ||
| 041 | 0 | |a slo | |
| 044 | |a SK | ||
| 245 | 1 | 0 | |a Technológie a ich význam pre rast konkurenčnej výkonnosti ekonomiky SR |c Peter Mathes |
| 520 | |a Prekonávanie technologickej a inovačnej medzery Slovenska je východiskom rastu jeho konkurenčnej výkonnosti. Problém difúzie technológií v SR si vyžaduje komplexný prístup, ktorý bude riešiť inštutucionálnu aj programovú stránku. Je potrebné čím skôr prikročiť k procesu technologického dobiehania. | ||
| 610 | 2 | 0 | |a technológia |
| 610 | 2 | 0 | |a technológie informačné |
| 610 | 2 | 0 | |a technológie nové |
| 610 | 2 | 0 | |a infraštruktúra |
| 610 | 2 | 0 | |a systémy informačné |
| 610 | 2 | 0 | |a rozvoj technický |
| 610 | 2 | 0 | |a konkurencieschopnosť |
| 610 | 2 | 0 | |a Slovensko |
| 100 | 1 | |a Mathes, Peter | |